Ảnh hưởng của các yếu tố vĩ mô đến tỷ suất sinh lợi của các một số cổ phiếu niêm yết trên sở giao dịch chứng khoán Thành phố Hồ Chí Minh : Luận văn thạc sĩ kinh tế. Chuyên ngành: Tài chính - Ngân hàng

Ảnh hưởng của các yếu tố vĩ mô đến tỷ suất sinh lợi của các một số cổ phiếu niêm yết trên sở giao dịch chứng khoán Thành phố Hồ Chí Minh (HOSE).

Wedi'i Gadw mewn:
Manylion Llyfryddiaeth
Prif Awdur: Nguyễn, Trang Kiều Diễm
Fformat: Llyfr
Iaith:Undetermined
Cyhoeddwyd: Cần Thơ Đại học Cần Thơ 2013
Pynciau:
Tagiau: Ychwanegu Tag
Dim Tagiau, Byddwch y cyntaf i dagio'r cofnod hwn!
Thư viện lưu trữ: Trung tâm Học liệu Trường Đại học Cần Thơ
LEADER 01238nam a2200217Ia 4500
001 CTU_183160
008 210402s9999 xx 000 0 und d
082 |a 332.643 
082 |b D304 
088 |a 60340201 
100 |a Nguyễn, Trang Kiều Diễm 
245 0 |a Ảnh hưởng của các yếu tố vĩ mô đến tỷ suất sinh lợi của các một số cổ phiếu niêm yết trên sở giao dịch chứng khoán Thành phố Hồ Chí Minh : 
245 0 |b Luận văn thạc sĩ kinh tế. Chuyên ngành: Tài chính - Ngân hàng 
245 0 |c Nguyễn Trang Kiều Diễm ; Trương Đông Lộc ( Người hướng dẫn khoa học) 
260 |a Cần Thơ 
260 |b Đại học Cần Thơ 
260 |c 2013 
520 |a Ảnh hưởng của các yếu tố vĩ mô đến tỷ suất sinh lợi của các một số cổ phiếu niêm yết trên sở giao dịch chứng khoán Thành phố Hồ Chí Minh (HOSE). 
650 |a Thị trường chứng khoán,Stock exchanges 
904 |i Phạm Thị Bé Ngoan 
980 |a Trung tâm Học liệu Trường Đại học Cần Thơ